<?xml version="1.0" encoding="UTF-8"?><?xml-stylesheet type="text/xsl" href="static/style.xsl"?><OAI-PMH xmlns="http://www.openarchives.org/OAI/2.0/" xmlns:xsi="http://www.w3.org/2001/XMLSchema-instance" xsi:schemaLocation="http://www.openarchives.org/OAI/2.0/ http://www.openarchives.org/OAI/2.0/OAI-PMH.xsd"><responseDate>2026-04-28T04:50:25Z</responseDate><request verb="GetRecord" identifier="oai:riubu.ubu.es:10259/10280" metadataPrefix="marc">https://riubu.ubu.es/oai/request</request><GetRecord><record><header><identifier>oai:riubu.ubu.es:10259/10280</identifier><datestamp>2025-03-05T01:05:26Z</datestamp><setSpec>com_10259_8005</setSpec><setSpec>com_10259_5086</setSpec><setSpec>com_10259_2604</setSpec><setSpec>col_10259_8021</setSpec></header><metadata><record xmlns="http://www.loc.gov/MARC21/slim" xmlns:doc="http://www.lyncode.com/xoai" xmlns:xsi="http://www.w3.org/2001/XMLSchema-instance" xmlns:dcterms="http://purl.org/dc/terms/" xsi:schemaLocation="http://www.loc.gov/MARC21/slim http://www.loc.gov/standards/marcxml/schema/MARC21slim.xsd">
<leader>00925njm 22002777a 4500</leader>
<datafield tag="042" ind1=" " ind2=" ">
<subfield code="a">dc</subfield>
</datafield>
<datafield tag="720" ind1=" " ind2=" ">
<subfield code="a">Méndez Juez, Marta</subfield>
<subfield code="e">author</subfield>
</datafield>
<datafield tag="260" ind1=" " ind2=" ">
<subfield code="c">2016</subfield>
</datafield>
<datafield tag="520" ind1=" " ind2=" ">
<subfield code="a">Tal y como afirma Uña Juárez (2009:129), “todo fenómeno social pertenece al seno de una situación histórica total de esta especie, y tiene en ella su lugar”. La realidad sociopolítica de Honduras es única y, al mismo tiempo, compartida con el resto de países que conforman Centroamérica. Gran parte de estos Estados viven en una democracia frágil, asediados por los abusos de poderes fácticos, en constante lucha por asegurar la dignidad humana y el principio de legalidad, y con la esperanza de que el Estado Social sea pronto efectivo.</subfield>
</datafield>
<datafield tag="024" ind2=" " ind1="8">
<subfield code="a">978-84-617-5994-1</subfield>
</datafield>
<datafield tag="024" ind2=" " ind1="8">
<subfield code="a">http://hdl.handle.net/10259/10280</subfield>
</datafield>
<datafield tag="245" ind1="0" ind2="0">
<subfield code="a">Oportunidades y retos para la democracia en Centroamérica: la realidad sociopolítica en Honduras en un contexto de inseguridad ciudadana</subfield>
</datafield>
</record></metadata></record></GetRecord></OAI-PMH>